Consecutive NBA Finals Wins - Statistics

General Stats
  • This quiz has been taken 60 times
  • The average score is 13 of 13
Answer Stats
# Team Years % Correct
8 Boston Celtics 1959-1966
100%
3 Chicago Bulls 1991-1993
100%
3 Los Angeles Lakers 2000-2002
100%
3 Chicago Bulls 1996-1998
98%
2 Golden State Warriors 2017-2018
98%
2 Los Angeles Lakers 2009-2010
98%
2 Miami Heat 2012-2013
98%
2 Detroit Pistons 1989-1990
96%
2 Houston Rockets 1994-1995
96%
2 Los Angeles Lakers 1987-1988
94%
3 Minneapolis Lakers 1952-1954
94%
2 Boston Celtics 1968-1969
89%
2 Minneapolis Lakers 1949-1950
89%
No matching quizzes found
Score Distribution
Percent of People with Each Score
Percentile by Number Answered
Your Score History
You have not taken this quiz